00337nam a2200121Ia 4500008004100000040001600041041001200057082001300069100001700082245009300099260000900192300001400201230917s9999||||xx |||||||||||||| ||und|| e96441aMAIN aEnglish a370 V59E aVerma, Mukta 0aEvaluation of English reader prescribed by Haryana board of school education for X class c2001 a50, 14 p.